000 00641nam a2200217Ia 4500
008 240729s9999 xx 000 0 und d
022 _a1751-9640
245 0 _aIET Computer Vision
260 _aUnited Kingdom
260 _bWiley
650 _a Computer applications to medicine. Medical informatics | Science
650 _a Computer software
650 _a Electronic computers. Computer science
650 _a Instruments and machines
650 _a Mathematics
650 _a Medicine (General)
650 _aMedicine
856 _uhttps://doaj.org/toc/bae86cd840fd410aa41c317ff717f90b
942 _2ddc
942 _cDOAJEJ
999 _c72638
_d72638
945 _a1
_bMadushi Gamage
_c1
_dMadushi Gamage